000
00324nam a22001337a 4500
022
_a
0521204305
082
_a
338.06 NAB
100
_a
Nabseth, L.
245
_a
The diffusion of new industrial processes
260
_a
London
_b
Cambridge
_c
1974
300
_a
xvii, 324p.
_b
ill, 24cm.
500
_a
Include index
942
_c
BK
999
_c
14028
_d
14028